[Event "Groningen op-B 57th"]
[Site "Groningen"]
[Date "2019.12.27"]
[Round "6"]
[White "Van de Pavoordt, Max"]
[Black "Kunnen, Ruurd"]
[Result "1-0"]
[WhiteElo "2016"]
[BlackElo "1846"]
[PlyCount "70"]
[EventDate "2019.12.21"]
[EventType "swiss"]
[EventRounds "9"]
[EventCountry "NED"]
[SourceTitle "CBM 194 Extra"]
[Source "ChessBase"]
[SourceDate "2020.03.31"]
[SourceVersion "1"]
[SourceVersionDate "2020.03.31"]
[SourceQuality "1"]

1. e4 e5 2. Nf3 Nc6 3. Bc4 Bc5 4. c3 Nf6 5. d3 d6 6. 0-0 0-0 7. Nbd2 a6 8. a4 Be6 9. Bxe6 fxe6 10. b4 Ba7 11. h3 h6 12. Bb2 Qe8 13. b5 axb5 14. axb5 Ne7 15. Qb3 Ng6 16. d4 Nf4 17. Kh2 Qh5 18. Rh1 Rfe8 19. Qc4 Qg6 20. g3 N4h5 21. Qe2 Nd7 22. Ra3 Bb6 23. Rha1 Rxa3 24. Rxa3 exd4 25. cxd4 Nhf6 26. Nh4 Qh5 27. f3 d5 28. e5 Nh7 29. Ng2 Nhf8 30. g4 Qf7 31. f4 g6 32. Nf3 Kh7 33. Bc3 c5 34. bxc6 bxc6 35. Bb4 c5 1-0

[Event "Utrecht OKU op 45th"]
[Site "Utrecht"]
[Date "2018.06.03"]
[Round "5"]
[White "Van de Pavoordt, Max"]
[Black "Vrolijk, Liam"]
[Result "1/2-1/2"]
[WhiteElo "2004"]
[BlackElo "2419"]
[PlyCount "141"]
[EventDate "2018.06.01"]
[EventType "swiss"]
[EventRounds "6"]
[EventCountry "NED"]
[SourceTitle "CBM 184 Extra"]
[Source "ChessBase"]
[SourceDate "2018.06.28"]
[SourceVersion "1"]
[SourceVersionDate "2018.06.28"]
[SourceQuality "1"]

1. e4 e5 2. Nf3 Nc6 3. d4 exd4 4. Nxd4 Bc5 5. Be3 Qf6 6. c3 Nge7 7. Bc4 b6 8. 0-0 Bb7 9. f4 Qg6 10. Nd2 0-0-0 11. Qe2 d5 12. exd5 Nxd5 13. Bxd5 Rxd5 14. N2f3 Re8 15. Qf2 Rdd8 16. Rfe1 Ne7 17. Ne5 Qh5 18. Rad1 f6 19. Nef3 Bxd4 20. Nxd4 c5 21. Nf3 Rxd1 22. Rxd1 Bxf3 23. gxf3 Rd8 24. Rxd8+ Kxd8 25. Qd2+ Ke8 26. Qe2 Qd5 27. b4 cxb4 28. cxb4 Kf7 29. Kf2 Nf5 30. Qc2 Qe6 31. Bd2 a6 32. a4 Qd5 33. Be3 b5 34. axb5 axb5 35. Bc5 Qe6 36. Qd2 Nh4 37. Kg3 Nf5+ 38. Kf2 Qc4 39. Qd7+ Kg6 40. Qe8+ Kh6 41. Qe4 Qa2+ 42. Ke1 Qa1+ 43. Kf2 Qb2+ 44. Kf1 Qc1+ 45. Kf2 g6 46. Bf8+ Kh5 47. Qe2 Qxf4 48. Qxb5 Qxh2+ 49. Ke1 Qg3+ 50. Kd1 Kg5 51. Qe2 Qg1+ 52. Kd2 Qd4+ 53. Ke1 Qa1+ 54. Kf2 Qa7+ 55. Ke1 Qg1+ 56. Kd2 h5 57. Bc5 Qg3 58. Be3+ Nxe3 59. Qxe3+ Qf4 60. b5 h4 61. b6 h3 62. b7 Qxe3+ 63. Kxe3 h2 64. b8Q h1Q 65. Qf4+ Kh5 66. Qg4+ Kh6 67. Qf4+ Kg7 68. Qc7+ Kg8 69. Qd8+ Kg7 70. Qc7+ Kg8 71. Qd8+ 1/2-1/2

[Event "Utrecht OKU op 45th"]
[Site "Utrecht"]
[Date "2018.06.02"]
[Round "3"]
[White "Van Dael, Siem"]
[Black "Van de Pavoordt, Max"]
[Result "0-1"]
[WhiteElo "2246"]
[BlackElo "2088"]
[PlyCount "34"]
[EventDate "2018.06.01"]
[EventType "swiss"]
[EventRounds "6"]
[EventCountry "NED"]
[SourceTitle "EXT 2019"]
[Source "ChessBase"]
[SourceDate "2018.10.10"]
[SourceVersion "1"]
[SourceVersionDate "2018.10.10"]
[SourceQuality "1"]

1. e4 e6 2. d4 d5 3. Nc3 Bb4 4. e5 c5 5. a3 Bxc3+ 6. bxc3 Ne7 7. Qg4 cxd4 8. Bd3 dxc3 9. Ne2 Nbc6 10. f4 Qb6 11. Nxc3 Qd4 12. Bb2 Nxe5 13. Qe2 Nxd3+ 14. cxd3 Qb6 15. 0-0-0 Bd7 16. Kb1 Rc8 17. Rc1 0-0 0-1